ARRUPE JESUIT UNIVERSITY

CORONAVIRUS -STOP THE SPREAD - CLEAN,DISINFECT,COVER

Dictatorland : (Record no. 131307)

MARC details
000 -LEADER
fixed length control field 02477cam a22003857i 4500
001 - CONTROL NUMBER
control field 20352243
003 - CONTROL NUMBER IDENTIFIER
control field ARRUPE
005 - DATE AND TIME OF LATEST TRANSACTION
control field 20220413121015.0
008 - FIXED-LENGTH DATA ELEMENTS--GENERAL INFORMATION
fixed length control field 170921t20182018enkabf b 001 0deng d
010 ## - LIBRARY OF CONGRESS CONTROL NUMBER
LC control number 2017491822
020 ## - INTERNATIONAL STANDARD BOOK NUMBER
International Standard Book Number 9781784972141
035 ## - SYSTEM CONTROL NUMBER
System control number (OCoLC)on1022267301
040 ## - CATALOGING SOURCE
Original cataloging agency CDX
Language of cataloging eng
Transcribing agency CDX
Description conventions rda
Modifying agency UAB
-- CDX
-- YDX
-- EUM
-- BDX
-- DLC
042 ## - AUTHENTICATION CODE
Authentication code lccopycat
043 ## - GEOGRAPHIC AREA CODE
Geographic area code f------
050 00 - LIBRARY OF CONGRESS CALL NUMBER
Classification number DT30.5
Item number .K46 2018
082 04 - DEWEY DECIMAL CLASSIFICATION NUMBER
Classification number 321.9/096
Edition number 23
300 ## - PHYSICAL DESCRIPTION
Other physical details illustrations (chiefly color), maps ;
Dimensions 25 cm
100 1# - MAIN ENTRY--PERSONAL NAME
Personal name Kenyon, Paul,
Dates associated with a name 1966-
Relator term author.
9 (RLIN) 51339
245 10 - TITLE STATEMENT
Title Dictatorland :
Remainder of title the men who stole Africa /
Statement of responsibility, etc Paul Kenyon.
246 30 - VARYING FORM OF TITLE
Title proper/short title Men who stole Africa
300 ## - PHYSICAL DESCRIPTION
Extent xix, 453 pages, 8 unnumbered pages of plates :
500 ## - GENERAL NOTE
General note Map on lining papers.
504 ## - BIBLIOGRAPHY, ETC. NOTE
Bibliography, etc Includes bibliographical references (pages 431-441) and index.
505 0# - FORMATTED CONTENTS NOTE
Formatted contents note Introduction -- Part One: Gold and diamonds. Congo ; Zimbabwe -- Part Two: Oil. Before the dictators ; Libya ; Nigeria ; Equatorial Guinea -- Part Three: Chocolate. Before the dictators ; Côte d'Ivoire -- Part Four: A modern slavery. Eritrea.
520 8# - SUMMARY, ETC.
Summary, etc "The dictator who grew so rich on his country's cocoa crop that he built a 35-story-high basilica in the jungles of the Ivory Coast. The austere, incorruptible leader who has shut Eritrea off from the world in a permanent state of war and conscripted every adult into the armed forces. In Equatorial Guinea, the paranoid despot who thought Hitler was the savior of Africa and waged a relentless campaign of terror against his own people. The Libyan army officer who authored a new work of political philosophy, The Green Book. And behind these almost incredible stories of fantastic violence and excess lie the dark secrets of Western greed and complicity, the insatiable taste for chocolate, oil, diamonds and gold that have encouraged dictators to rule with an iron hand, siphoning off their share of the action into mansions in Paris and banks in Zurich and keeping their people in dire poverty"--
650 #0 - SUBJECT ADDED ENTRY--TOPICAL TERM
Topical term or geographic name as entry element Dictatorship
Geographic subdivision Africa.
9 (RLIN) 51340
650 #0 - SUBJECT ADDED ENTRY--TOPICAL TERM
Topical term or geographic name as entry element Dictatorship
General subdivision Economic aspects
Geographic subdivision Africa.
9 (RLIN) 51341
650 #0 - SUBJECT ADDED ENTRY--TOPICAL TERM
Topical term or geographic name as entry element Political leadership
Geographic subdivision Africa.
9 (RLIN) 40704
651 #0 - SUBJECT ADDED ENTRY--GEOGRAPHIC NAME
Geographic name Africa
General subdivision Politics and government
Chronological subdivision 1960-
700 1# - ADDED ENTRY--PERSONAL NAME
Personal name Edwards, Jeff,
Relator term cartographer.
9 (RLIN) 51342
906 ## - LOCAL DATA ELEMENT F, LDF (RLIN)
a 7
b cbc
c copycat
d 3
e ncip
f 20
g y-gencatlg
942 ## - ADDED ENTRY ELEMENTS (KOHA)
Source of classification or shelving scheme Library of Congress Classification
Koha item type Monograph ( Printed materials)
Holdings
Withdrawn status Lost status Source of classification or shelving scheme Damaged status Not for loan Home library Current library Date acquired Total Checkouts Full call number Barcode Date last seen Price effective from Koha item type
    Library of Congress Classification     ARRUPE LIBRARY ARRUPE LIBRARY 13/04/2022   DT30.5 .K46 2018 46600009170 13/04/2022 13/04/2022 Monograph ( Printed materials)

 

Arrupe Library. PO Box MP320 Mt Pleasant, Harare, Zimbabwe
263 242 745411|librarian@aju.ac.zw